000 00647nam a2200193 4500
001 140360
003 ES-MaACL
005 20230906200049.0
007 t|
008 070214s1963 mx r ||||1| spa d
100 1 _aSchwartz, Harry.
_9104868
245 1 3 _aEl Fénix rojo
_b: Rusia desde la Segunda Guerra Mundial /
_cHarry Schwartz ; traducción de José Antonio Rico ; revisado por Jesús Guisa y Acevedo.
250 _a1ª. ed.
260 _aMéxico :
_bHerrero,
_c1963.
300 _aXVI, 451 p. ;
_c22 cm.
700 1 _aRico, José Antonio.
_997015
700 1 _aGuisa y Acevedo, Jesús.
_960896
852 _aES-MaACL
_jC-24848
_bR.53535
999 _c140360
_d140360